=LDR 00000nam 2200000 4500 =001 NUTBA000000000006030 =005 20141119105924.0 =006 =007 =008 =020 ##$$a 978-979-24-3937-3 =035 ##$$0010-111400000000509 =040 ##$$a NBPDMAT =082 ##$$a 813 =090 ##$$a 813$b Set j =100 ##$$a Setiawan, J>H =245 ##$$a Java joe$brahasia kebangkitan rara jonggrang$cJ.H Setiawan =260 ##$$a Yogyakarta$bCl Publishing$c2008 =300 ##$$a 234 hlm$c21 cm. =650 ##$$a Fiksi =850 ##$$a NBPDMAT =990 ##$$a 21010606 =990 ##$$a 0001/BPAP-NTB/20142014 =990 ##$$a 0001/BPAP-NTB/2016